[Event "Dhaka"]
[Site "Dhaka"]
[Date "1997.??.??"]
[Round "4"]
[White "Rahman, Ziaur"]
[Black "Lovlu, Saifuddi"]
[Result "1-0"]
[WhiteElo "2480"]
[BlackElo "2280"]
[PlyCount "57"]
[EventDate "1997.??.??"]
[EventType "tourn"]
[EventRounds "13"]
[EventCountry "BAN"]
[SourceTitle "EXT 2000"]
[Source "ChessBase"]
[SourceDate "1999.11.16"]
[SourceVersion "1"]
[SourceVersionDate "1999.11.16"]
[SourceQuality "1"]

1. c4 e6 2. g3 Nf6 3. Bg2 d5 4. Nf3 Be7 5. 0-0 0-0 6. d4 Nbd7 7. Qc2 Ne4 8. Nc3 Nxc3 9. Qxc3 c6 10. Bf4 g5 11. Bd2 f6 12. h4 g4 13. Ne1 f5 14. cxd5 exd5 15. Nd3 Bf6 16. Nf4 Re8 17. Nh5 Bh8 18. Bg5 Qb6 19. Rad1 Rf8 20. Qe3 Nf6 21. Bh6 Nxh5 22. Bxf8 Kxf8 23. Qh6+ Ng7 24. Qxh7 Be6 25. Qxh8+ Bg8 26. h5 Kf7 27. h6 Nh5 28. h7 Nf6 29. Qxf6+ 1-0

[Event "Olympiad-32"]
[Site "Yerevan"]
[Date "1996.09.24"]
[Round "8.4"]
[White "Lovlu, Saifuddi"]
[Black "Sammalvuo, Tapani"]
[Result "1-0"]
[WhiteElo "2230"]
[BlackElo "2370"]
[PlyCount "117"]
[EventDate "1996.09.15"]
[EventType "team-swiss"]
[EventRounds "14"]
[EventCountry "ARM"]
[SourceTitle "CBM 055"]
[Source "ChessBase"]
[SourceDate "1996.12.01"]
[SourceVersion "1"]
[SourceVersionDate "1996.12.01"]
[SourceQuality "1"]
[WhiteTeam "Bangladesh"]
[BlackTeam "Finland"]
[WhiteTeamCountry "BAN"]
[BlackTeamCountry "FIN"]

1. e4 c5 2. Nf3 d6 3. Bb5+ Nc6 4. 0-0 Bd7 5. Re1 Nf6 6. c3 a6 7. Bf1 e5 8. d4 cxd4 9. cxd4 Bg4 10. d5 Nd4 11. Nc3 Nh5 12. Be3 Nxf3+ 13. gxf3 Bd7 14. f4 Nxf4 15. Bxf4 exf4 16. Bg2 Qg5 17. Kh1 Qe5 18. Na4 0-0-0 19. Nb6+ Kb8 20. Qc2 Qd4 21. Nxd7+ Rxd7 22. Rac1 Ka7 23. Red1 Qb6 24. Rd3 g5 25. Rb3 Qd8 26. Qc3 Rg8 27. Qd4+ Ka8 28. Qa4 Rc7 29. Rxc7 Qxc7 30. Qe8+ Qb8 31. Qxf7 Rg7 32. Qf6 Rc7 33. Bf1 Rc1 34. Kg2 Qe8 35. Qd4 Qd7 36. h3 g4 37. Bxa6 bxa6 38. Qb6 gxh3+ 39. Kh2 Qc7 40. Qxa6+ Qa7 41. Qe2 Rc5 42. Qd2 Qd7 43. Qb4 Qa7 44. Ra3 Bg7 45. Kxh3 Be5 46. f3 Rc7 47. Rxa7+ Rxa7 48. a4 Rg7 49. Qa5+ Kb8 50. Qd8+ Ka7 51. b4 Rg3+ 52. Kh4 Rxf3 53. b5 Rg3 54. a5 Rg7 55. Qb6+ Ka8 56. Qc6+ Kb8 57. b6 f3 58. a6 Bf6+ 59. Kh3 1-0

[Event "Sakthi"]
[Site "Sakthi"]
[Date "1996.??.??"]
[Round "10"]
[White "Barua, Dibyendu"]
[Black "Lovlu, Saifuddi"]
[Result "1-0"]
[WhiteElo "2520"]
[BlackElo "2215"]
[PlyCount "51"]
[EventDate "1996.??.??"]
[EventType "tourn"]
[EventRounds "11"]
[EventCountry "IND"]
[EventCategory "9"]
[SourceTitle "CBM 053"]
[Source "ChessBase"]
[SourceDate "1996.08.01"]
[SourceVersion "1"]
[SourceVersionDate "1996.08.01"]
[SourceQuality "1"]

1. e4 c5 2. Nf3 Nc6 3. d4 cxd4 4. Nxd4 Nf6 5. Nc3 d6 6. Be2 a6 7. 0-0 e6 8. a4 Be7 9. Be3 Qc7 10. f4 0-0 11. Kh1 Bd7 12. Nb3 b6 13. g4 Be8 14. g5 Nd7 15. Bf3 f6 16. h4 Bf7 17. Bg2 Rab8 18. Qe2 Nb4 19. Nd4 g6 20. gxf6 Nxf6 21. Bh3 e5 22. Ne6 Qc8 23. Ng5 Qc4 24. Qg2 Nh5 25. fxe5 dxe5 26. Rxf7 1-0

[Event "Sakthi"]
[Site "Sakthi"]
[Date "1996.??.??"]
[Round "9"]
[White "Lovlu, Saifuddi"]
[Black "Murshed, Niaz"]
[Result "0-1"]
[WhiteElo "2215"]
[BlackElo "2510"]
[PlyCount "70"]
[EventDate "1996.??.??"]
[EventType "tourn"]
[EventRounds "11"]
[EventCountry "IND"]
[EventCategory "9"]
[SourceTitle "CBM 053"]
[Source "ChessBase"]
[SourceDate "1996.08.01"]
[SourceVersion "1"]
[SourceVersionDate "1996.08.01"]
[SourceQuality "1"]

1. e4 d6 2. d4 Nf6 3. Nc3 c6 4. f4 Qa5 5. Bd3 e5 6. Nf3 exd4 7. Nxd4 g6 8. Nb3 Qc7 9. 0-0 Bg7 10. Kh1 0-0 11. Be3 Nbd7 12. a4 b6 13. Qd2 a6 14. Be2 Re8 15. Bf3 Bb7 16. Rad1 Bf8 17. g4 b5 18. Qg2 b4 19. g5 bxc3 20. gxf6 Nxf6 21. bxc3 Bg7 22. Bf2 c5 23. Nd2 Bc6 24. Rfe1 Rad8 25. Ra1 Nd7 26. Ra3 a5 27. Nc4 Nb6 28. Nxa5 Bxa4 29. Bh4 Ra8 30. Nb3 Bxc3 31. Rf1 Nc4 32. Rxa4 Rxa4 33. Qf2 Nb6 34. f5 Bg7 35. Bg5 Raxe4 0-1

[Event "Goodricke op 07th"]
[Site "Kolkata"]
[Date "1996.??.??"]
[Round "11"]
[White "Lovlu, Saifuddi"]
[Black "Sandipan, Chanda"]
[Result "0-1"]
[WhiteElo "2215"]
[BlackElo "2130"]
[PlyCount "72"]
[EventDate "1996.02.??"]
[EventType "swiss"]
[EventRounds "11"]
[EventCountry "IND"]
[SourceTitle "CBM 050 Extra"]
[Source "ChessBase"]
[SourceDate "1996.03.01"]
[SourceVersion "1"]
[SourceVersionDate "1996.03.01"]
[SourceQuality "1"]

1. e4 c5 2. Nf3 e6 3. Nc3 d6 4. d4 cxd4 5. Nxd4 Nf6 6. Be2 a6 7. 0-0 Be7 8. a4 Nc6 9. Be3 0-0 10. Kh1 Qc7 11. f4 Re8 12. Nb3 b6 13. Bf3 Rb8 14. Qe1 Na5 15. Nxa5 bxa5 16. b3 Bb7 17. Ra2 Rbc8 18. Bd2 Bd8 19. e5 Bxf3 20. Rxf3 dxe5 21. fxe5 Ng4 22. Bf4 Be7 23. Nd1 Red8 24. h3 Bh4 25. Qe2 Rxd1+ 26. Qxd1 Nf2+ 27. Rxf2 Bxf2 28. c4 Rd8 29. Rd2 Rxd2 30. Qxd2 Bc5 31. Qd3 f5 32. Qg3 Qd8 33. Qf3 Qd4 34. Kh2 Qg1+ 35. Kg3 Qe1+ 36. Kh2 Bg1+ 0-1

[Event "Goodricke op 07th"]
[Site "Kolkata"]
[Date "1996.??.??"]
[Round "10"]
[White "Satyapragyan, Swayangsu"]
[Black "Lovlu, Saifuddi"]
[Result "1/2-1/2"]
[WhiteElo "2205"]
[BlackElo "2215"]
[PlyCount "65"]
[EventDate "1996.02.??"]
[EventType "swiss"]
[EventRounds "11"]
[EventCountry "IND"]
[SourceTitle "CBM 050 Extra"]
[Source "ChessBase"]
[SourceDate "1996.03.01"]
[SourceVersion "1"]
[SourceVersionDate "1996.03.01"]
[SourceQuality "1"]

1. e4 c5 2. Nf3 Nc6 3. d4 cxd4 4. Nxd4 Nf6 5. Nc3 d6 6. Bg5 e6 7. Qd2 Bd7 8. Ndb5 Qa5 9. Bxf6 gxf6 10. Nxd6+ Bxd6 11. Qxd6 0-0-0 12. Qd2 Ne5 13. Bd3 Bc6 14. 0-0-0 Rhg8 15. f4 Nc4 16. Qe1 Qb4 17. Bxc4 Rxd1+ 18. Qxd1 Qxc4 19. Qh5 Bxe4 20. Qxf7 Rxg2 21. Qe8+ Kc7 22. Qe7+ Kc6 23. Qe8+ Kb6 24. Qd8+ Ka6 25. Qd6+ Bc6 26. Rd1 e5 27. fxe5 Qf4+ 28. Kb1 Qxe5 29. Qd3+ Kb6 30. Qd8+ Ka6 31. Qd3+ Kb6 32. Qd8+ Ka6 33. Qd3+ 1/2-1/2